| 000 | 00576nam a22002057a 4500 | ||
|---|---|---|---|
| 942 | _cBK | ||
| 999 |
_c607 _d607 |
||
| 005 | 20250420134818.0 | ||
| 008 | 200812b ||||| |||| 00| 0 eng d | ||
| 020 | _a9780071784351 | ||
| 040 | _cKCST | ||
| 082 |
_a005.8 _bRh In |
||
| 100 |
_aRhodes-Ousley, Mark _95064 |
||
| 245 |
_aInformation security : _bthe complete reference / _cMark Rhodes-Ousley |
||
| 250 | _a2nd edition | ||
| 260 |
_aNew York: _bMcGraw-Hill, _c2013. |
||
| 300 | _a854 p. | ||
| 650 |
_aComputer communications & networking. _95065 |
||
| 650 |
_aData security. _95066 |
||
| 942 | _2ddc | ||